000 02858nam a2200721 i 4500
001 54664
003 KOSZ 005
005 20220627110219.0
008 210803s1998 pl f 001 0 pol
015 _aUWD 2005/11364
020 _a838762909X
035 _a991018447289705066
035 _a(PL-WaBN)b15000126-48omnis_nlop
035 _ab15000126
035 _a(OCoLC)749414043
035 _azz2003924197
035 _a(PL)b0000001500012
035 _a(EXLNZ-48OMNIS_NETWORK)9910273938505606
040 _aWA N
_cWA N
_dKOSZ 005/RW
046 _k1998
080 _a02
080 _a(075.8)
245 0 0 _aBibliotekarstwo /
_cpod redakcją Zbigniewa Żmigrodzkiego ; [poszczególne rozdziały opracowali Renata Frączek et al.] ; Stowarzyszenie Bibliotekarzy Polskich.
246 1 3 _aLibrarianship
250 _aWydanie 2 uzupełnione i rozszerzone.
260 _aWarszawa :
_bWydawnictwo Stowarzyszenia Bibliotekarzy Polskich,
_c1998.
300 _a457, [3] stron ;
_c24 cm.
336 _aTekst
_btxt
_2rdacontent
337 _aBez urządzenia pośredniczącego
_bn
_2rdamedia
338 _aWolumin
_bnc
_2rdacarrier
380 _aKsiążki
380 _aPublikacje dydaktyczne
385 _mPoziom nauczania
_aSzkoły wyższe
388 1 _a1901-2000
388 1 _a1989-2000
490 1 _aNauka, Dydaktyka, Praktyka =
_aScience, Didactics, Practice ;
_v29
500 _aTytuł równoległy.: Librarianship. Spis treści także ang., niem.
504 _aBibliografia na stronach 403-[449]. Indeksy.
650 7 _aBibliotekarstwo
_2DBN
650 7 _aBibliotekoznawstwo
655 7 _aPodręczniki akademickie
_2DBN
658 _aBibliotekarstwo, archiwistyka, muzealnictwo
700 1 _aFrączek, Renata
_eAutor
700 1 _aGębołyś, Zdzisław
_d(1961- )
_eAutor
700 1 _aGwioździk, Jolanta
_eAutor
700 1 _aKozaczuk, Teresa
_eAutor
700 1 _aMrowiec, Ewa
_eAutor
700 1 _aNabiałek, Katarzyna
_eAutor
700 1 _aPietruch-Reizes, Diana
_eAutor
700 1 _aRatajewski, Jerzy
_d(1928-1999)
_eAutor
700 1 _aReizes-Dzieduszycki, Jerzy
_eAutor
700 1 _aSocha, Irena
_d(1946- )
_eAutor
700 1 _aTetela, Grażyna
_eAutor
700 1 _aTokarska, Anna
_d(1955- )
_eAutor
700 1 _aTyras, Waldemar
_d(1933- )
_eAutor
700 1 _aŻmigrodzki, Zbigniew
_d(1931- )
_eAutor
_eRedakcja
710 2 _aStowarzyszenie Bibliotekarzy Polskich
710 2 _aWydawnictwo Stowarzyszenia Bibliotekarzy Polskich
_4pbl
830 0 _aNauka, Dydaktyka, Praktyka
_v29
856 _uhttp://koha.tu.koszalin.pl/cgi-bin/koha/opac-detail.pl?biblionumber=54664
_yKatalog online BPK
942 _2UKD
_cKS
999 _c54664
_d54664